| 000 | 004450000a22001690004500 | ||
|---|---|---|---|
| 003 | MACL | ||
| 005 | 20151227154350.0 | ||
| 008 | 151227b xxu||||| |||| 00| 0 eng d | ||
| 040 |
_aMACL _cmacl |
||
| 041 | _aEnglish | ||
| 082 | _a025/SHE | ||
| 100 |
_aShera, j. H. _923464 |
||
| 245 | _aInformation Systems in Documentations | ||
| 260 |
_bInterscience Publisher Ltd. _c1957 _aU.S.A |
||
| 650 |
_aLibrary Science _957 |
||
| 942 |
_cBK _k025/SHE _2ddc |
||
| 999 |
_c38589 _d38589 |
||